Europa diritti&storti.
Guardat en:
| Autor principal: | |
|---|---|
| Altres autors: | , , , , , , , , , , , , , , |
| Format: | Llibre |
| Idioma: | italià |
| Publicat: |
Roma :
Editoriale Eco,
2001
|
| Col·lecció: | Mappe ;
2 |
| Etiquetes: |
Sense etiquetes, Sigues el primer a etiquetar aquest registre!
|
MARC
| LEADER | 00000nam a22000007i 4500 | ||
|---|---|---|---|
| 001 | IT\ICCU\LO1\0764716 | ||
| 003 | ItRI | ||
| 005 | 20250821172233.0 | ||
| 008 | 030714s2001 it |||||| ||||| |||||c | ||
| 040 | |b ita |c ct | ||
| 041 | 7 | |a ita |2 ISO-639-2 | |
| 100 | |a Paolicelli, Massimo | ||
| 245 | 0 | 0 | |a Europa diritti&storti. |
| 246 | 1 | 3 | |a Europa diritti & storti. |
| 246 | 1 | 3 | |a Europa diritti e storti. |
| 260 | |a Roma : |b Editoriale Eco, |c 2001 | ||
| 300 | |a 94 p. ; |c 19 cm. | ||
| 500 | |a Suppl. al n. 4 | ||
| 500 | |a Tit. del dorso | ||
| 500 | |a Tit. svilupp. | ||
| 500 | |a Nel colophon: Supplemento al n. 4/2001 de: "Il sole che ride", quindicinale della Federazione dei Verdi. - Contributi di: Carlo Curti Gialdino, Giovanni Lubrano di Ricco, Laura Balbo, Giulio Marcon, Gianluca Felicetti, Fabrizia De Ferraris in Pratesi, Giorgio Gardiol, Massimo Paolicelli, Alessio De Giorgi, Lino De Benetti, Habib Fortuneè, Beppe Caccia, Gianni Mattioli. - Contiene: Carta dei diritti fondamentali dell'Unione Europea : Sottoscritta e solennemente proclamata a Nizza dai Presidenti di Parlamento Europeo, Commissione Europea e Consiglio Europeo il 7 Dicembre 2000. | ||
| 700 | |a Balbo, Laura | ||
| 700 | |a Curti Gialdino, Carlo | ||
| 700 | |a Lubrano Di Ricco, Giovanni | ||
| 700 | |a Marcon, Giulio | ||
| 700 | |a Felicetti, Gianluca | ||
| 700 | |a De Ferraris, Fabrizia | ||
| 700 | |a Gardiol, Giorgio | ||
| 700 | |a De Giorgi, Alessio | ||
| 700 | |a De Benetti, Lino | ||
| 700 | |a Fortuneè, Habib | ||
| 700 | |a Caccia, Beppe | ||
| 700 | |a Mattioli, Gianni | ||
| 700 | |a Silvestri, Gianpaolo | ||
| 700 | |a Francescato, Grazia | ||
| 700 | |a Fischer, Joschka | ||
| 772 | 0 | |w IT\ICCU\BVE\0170894 |t Il sole che ride | |
| 830 | 0 | |a Mappe ; |v 2 |0 IT\ICCU\RAV\0916017 | |
| 942 | |2 ddc |c BK | ||
| 952 | |0 0 |1 0 |2 ddc |4 0 |6 340_115000000000000_EUR_DIR |7 1 |9 2332 |a RN |b RN |d 2024-12-24 |l 0 |o 340.115 EUR DIR |p 9785 |r 2024-12-24 11:13:20 |w 2024-12-24 |y BK | ||
| 952 | |0 0 |1 0 |2 ddc |4 0 |6 B_SDL07SILGIEUR11 |7 0 |9 8105 |a MI |b MI |d 2005-06-18 |i 3927 |l 0 |o B-SDL07-SILGI-EUR11 |p CDOM3927 |r 2025-07-17 21:50:20 |w 2025-07-17 |x ACQUISTO |y BK | ||
| 952 | |0 0 |1 0 |2 ddc |4 0 |6 B_SDL07SILGIEUR12 |7 0 |9 8106 |a MI |b MI |d 2005-06-18 |i 3928 |l 0 |o B-SDL07-SILGI-EUR12 |p CDOM3928 |r 2025-07-17 21:50:20 |w 2025-07-17 |x ACQUISTO |y BK | ||
| 952 | |0 0 |1 0 |2 ddc |4 0 |6 B_SDL07SILGIEUR13 |7 0 |9 8107 |a MI |b MI |d 2005-06-18 |i 3929 |l 0 |o B-SDL07-SILGI-EUR13 |p CDOM3929 |r 2025-07-17 21:50:20 |w 2025-07-17 |x ACQUISTO |y BK | ||
| 981 | 1 | |6 z01 |a i |b xxxe | |
| 982 | 1 | |6 z01 |a n | |
| 999 | |c 2037 |d 2037 | ||